Statistics for Name that Naruto Character

Click here to take the quiz!

General Stats

  • This quiz has been taken 22,187 times
    (22,183 since last reset)
  • The average score is 28 of 45

Answer Stats

HintAnswer% Correct
Member of Team 7 along with Sakura and SasukeNaruto Uzumaki
100%
In love with SasukeSakura Haruno
98%
The sole survivor of the Uchiha clanSasuke Uchiha
98%
Former ANBU now Jounin Leader of Team 7Kakashi Hatake
97%
Call him fat and he goes berserkChouji Akimichi
94%
Member of the Hyuuga clan and the strongest female Genin in KonohaHinata Hyuuga
93%
She uses the Mind Body Switch jutsuIno Yamanaka
93%
He can't use Ninjutsu or GenjutsuRock Lee
92%
The lazy Genin who advanced to ChuuninShikamaru Nara
91%
Taijutsu master who taught LeeMaito Guy
90%
Shukaku's hostGaara Sabaku
89%
Son of Hizashi of the Hyuuga Clan's Branch FamilyNeji Hyuuga
89%
His dog is named AkamaruKiba Inuzuka
88%
Fights by controlling insectsShino Aburame
87%
Known for her terrible gambling luck also the 5th HokageTsunade
85%
Weapons SpecialistTenten
83%
The man responsible for the genocide of the entire Uchiha ClanItachi Uchiha
82%
Genius missing ninja who sought the destruction of Konoha and later wanted to obtain SasukeOrochimaru
79%
The 4th Kazekage's only daughter who uses a fanTemari Sabaku
79%
Jounin son of Hiruzen SarutobiAsuma Sarutobi
78%
Perv who summons toadsJiraiya
74%
Yellow hair looks just like Naruto; The Yellow Flash4th Hokage
73%
Academy teacher who promoted Naruto to geninIruka Umino
71%
Orochimaru's right hand manKabuto Yakushi
71%
First son of the 4th Kazekage also manipulates puppetsKankuro Sabaku
69%
The lengendary ninja who died fighting Orochimaru to protect Konoha3rd Hokage/Hiruzen Sarutobi
67%
In charge of Genin team 8Kurenai Yuuhi
62%
Weilds a sword that is called SamehadaKisame Hoshigaki
60%
The founder of Konoha1st Hokage
59%
The 1st Hokage's brother2nd Hokage
58%
Tsunade's assistantShizune
53%
Zabuza's 'tool'Haku
49%
Proctor of the 2nd test of the Chunnin Exam also was Orochimaru's studentAnko Mitarashi
48%
Killed Gato before he diedZabuza Momochi
40%
The Sand Siblings squad leaderBaki
33%
The only female member of the Sound 4Tayuya
26%
Member of the Sound 4 who fought ChoujiJiroubou
21%
Member of the Sound 4 with 6 armsKidomaru
20%
Examiner of the preliminary third portion of the Chuunin examsHayate Gekkou
19%
The girl who caused Sakura to cut her hair in the Forest of DeathKin Tsuchi
17%
When their curse mark activates they are able to split apartSakon and Ukon
17%
Appeared in the story after Naruto and Sasuke's fight in the Valley of the EndZetsu
14%
Uses devices on his arms to manipulate sound wavesDosu Kinuta
13%
Uses his bones as weapons last living member of his clanKimimaro Kaguya
13%
Defeated in the preliminary matches when he fought aginst ShinoZaku Abumi
13%

Score Distribution

Percentile by Number Answered

Percent of People with Each Score

Your Score History

You have not taken this quiz since the last reset